| 000 | 00441nam a2200157 i 4500 | ||
|---|---|---|---|
| 001 | 83925 | ||
| 003 | ES-MaACL | ||
| 005 | 20230906174921.0 | ||
| 007 | t| | ||
| 008 | 041118s1922 cu ||||1| spa d | ||
| 100 | 1 |
_aIraizoz, Antonio. _965408 |
|
| 245 | 1 | 0 |
_aEnrique PiƱeyro _b: su vida y sus obras / _cpor Antonio Iraizoz y de Villar. |
| 260 |
_aLa Habana : _bSiglo XX, _c1922. |
||
| 300 |
_a208 p. ; _c21 cm. |
||
| 852 |
_aES-MaACL _jC-2960 |
||
| 999 |
_c83925 _d83925 |
||